000
00309nam a22001337a 4500
008
170623b xxu||||| |||| 00| 0 eng d
020
_a
0865315477
041
_a
eng
080
_a
32
100
_a
21
101
_a
SHP
245
_a
LATIN AMERICA AND THE U.S. NATIONAL INTEREST
_c
HAYES,M.D
942
_2
udc
_c
BK
999
_c
18985
_d
18985